000 00631nam a2200229Ia 4500
003 OSt
005 20220918214141.0
006 a|||||r|||| 00| 0
007 ta
008 220917b |||||||| |||| 00| 0 eng d
024 _a136,035
037 _cTextual
040 _aARTS
_cARTS
_beng
041 _2eng
_aeng
082 _aX755.60k461, M1
100 _aSylvester Anthony
_9116123
245 0 _aArabs and Africans
_b co-operation for development
260 _aLondon
_bBodley head
_c1981
650 _aECONOMICS
942 _hX755.60k461, M1
_cTEXL
_2CC
999 _c259125
_d259125